[Event "AUT-chT2W 1112"]
[Site "Austria"]
[Date "2012.03.11"]
[Round "11.5"]
[White "Ljubic, Juro"]
[Black "Schnegg, Daniel"]
[Result "1-0"]
[WhiteElo "2179"]
[BlackElo "2134"]
[PlyCount "53"]
[EventDate "2011.10.07"]
[EventType "team-tourn"]
[EventRounds "11"]
[EventCountry "AUT"]
[SourceTitle "EXT 2013"]
[Source "ChessBase"]
[SourceDate "2012.11.22"]
[SourceVersion "1"]
[SourceVersionDate "2012.11.22"]
[SourceQuality "1"]
[WhiteTeam "Schwarzach"]
[BlackTeam "Jenbach II"]
[WhiteTeamCountry "AUT"]
[BlackTeamCountry "AUT"]

1. e4 c5 2. Nf3 d6 3. Bb5+ Bd7 4. Bxd7+ Qxd7 5. 0-0 g6 6. c3 Bg7 7. d4 cxd4 8. cxd4 Nf6 9. Nc3 0-0 10. h3 Nc6 11. Bg5 h6 12. Be3 b6 13. d5 Na5 14. Bd4 Rfd8 15. Qe2 Rac8 16. Rac1 Nh5 17. Bxg7 Nxg7 18. Qb5 e5 19. dxe6 fxe6 20. Qd3 Qe7 21. Nb5 Rc5 22. b4 Rxc1 23. Rxc1 Nb7 24. Nxa7 Ra8 25. Nc6 Qe8 26. Rc2 Kh7 27. Qb5 1-0

[Event "AUT-chT2W 1112"]
[Site "Austria"]
[Date "2012.03.10"]
[Round "10.5"]
[White "Schnegg, Daniel"]
[Black "Knechtel, Roland"]
[Result "1/2-1/2"]
[WhiteElo "2134"]
[BlackElo "2222"]
[PlyCount "79"]
[EventDate "2011.10.07"]
[EventType "team-tourn"]
[EventRounds "11"]
[EventCountry "AUT"]
[SourceTitle "EXT 2013"]
[Source "ChessBase"]
[SourceDate "2012.11.22"]
[SourceVersion "1"]
[SourceVersionDate "2012.11.22"]
[SourceQuality "1"]
[WhiteTeam "Jenbach II"]
[BlackTeam "Ranshofen"]
[WhiteTeamCountry "AUT"]
[BlackTeamCountry "AUT"]

1. e4 c6 2. d4 d5 3. Nc3 dxe4 4. Nxe4 Bf5 5. Ng3 Bg6 6. Nf3 Nd7 7. h4 h6 8. h5 Bh7 9. Bd3 Bxd3 10. Qxd3 e6 11. Bf4 Qa5+ 12. Bd2 Bb4 13. c3 Be7 14. a3 Ngf6 15. Bf4 c5 16. 0-0 cxd4 17. Qxd4 0-0 18. b4 Qd5 19. Rad1 Rfc8 20. Qe3 Qb3 21. Ne2 Nd5 22. Qd2 N7f6 23. Bxh6 gxh6 24. Qxh6 Qc2 25. Qg5+ Kh8 26. Ne5 Qh7 27. c4 Nxh5 28. Nxf7+ Qxf7 29. Qh6+ Kg8 30. cxd5 exd5 31. Rd4 Rc6 32. Rg4+ Ng7 33. Qh3 Rg6 34. Rxg6 Qxg6 35. Qd7 Qc6 36. Qxe7 Re8 37. Qg5 Rxe2 38. Rc1 Qd7 39. Rd1 d4 40. Qf4 1/2-1/2

[Event "AUT-chT2W 1112"]
[Site "Austria"]
[Date "2012.03.09"]
[Round "9.5"]
[White "Loeffler, Christoph"]
[Black "Schnegg, Daniel"]
[Result "0-1"]
[WhiteElo "2161"]
[BlackElo "2134"]
[PlyCount "94"]
[EventDate "2011.10.07"]
[EventType "team-tourn"]
[EventRounds "11"]
[EventCountry "AUT"]
[SourceTitle "EXT 2013"]
[Source "ChessBase"]
[SourceDate "2012.11.22"]
[SourceVersion "1"]
[SourceVersionDate "2012.11.22"]
[SourceQuality "1"]
[WhiteTeam "Salzburg"]
[BlackTeam "Jenbach II"]
[WhiteTeamCountry "AUT"]
[BlackTeamCountry "AUT"]

1. e4 c5 2. Nc3 Nc6 3. f4 g6 4. Nf3 Bg7 5. Bc4 e6 6. f5 Nge7 7. fxe6 fxe6 8. 0-0 0-0 9. d3 d5 10. Bb3 h6 11. Qe1 Nd4 12. Nxd4 Rxf1+ 13. Qxf1 cxd4 14. Ne2 dxe4 15. dxe4 d3 16. cxd3 Qxd3 17. Qf3 Qxf3 18. gxf3 Nc6 19. Kg2 Na5 20. Ba4 b6 21. Rb1 Ba6 22. Nf4 b5 23. Bd1 Kf7 24. Be2 Rc8 25. Bd2 Nc4 26. Bc3 Bf8 27. Bxc4 Rxc4 28. Rd1 b4 29. Be5 Rc2+ 30. Kg3 g5 31. Nd3 Be7 32. Bd4 Bxd3 33. Rxd3 Bd6+ 34. e5 Bb8 35. h4 Kg6 36. hxg5 hxg5 37. f4 Kf5 38. fxg5 Ke4 39. Rb3 a5 40. Bb6 Bxe5+ 41. Kh4 Rh2+ 42. Kg4 Rg2+ 43. Kh3 Rh2+ 44. Kg4 Rg2+ 45. Kh5 Kf5 46. Rf3+ Bf4 47. Bd8 Rh2+ 0-1

[Event "Schwarzach op 26th"]
[Site "Schwarzach"]
[Date "2011.08.26"]
[Round "7"]
[White "Prats Rodriguez, Juan Bosco"]
[Black "Schnegg, Daniel"]
[Result "0-1"]
[WhiteElo "2037"]
[BlackElo "2139"]
[PlyCount "60"]
[EventDate "2011.08.20"]
[EventType "swiss"]
[EventRounds "9"]
[EventCountry "AUT"]
[SourceTitle "CBM 144 Extra"]
[Source "ChessBase"]
[SourceDate "2011.10.28"]
[SourceVersion "1"]
[SourceVersionDate "2011.10.28"]
[SourceQuality "1"]

1. e4 c5 2. Nc3 Nc6 3. g3 g6 4. Bg2 Bg7 5. d3 d6 6. Be3 e6 7. Qd2 Nge7 8. Bh6 Bxh6 9. Qxh6 Nd4 10. 0-0-0 Qa5 11. Qg7 Rf8 12. Qxh7 b5 13. Kb1 Rb8 14. Nce2 e5 15. Nxd4 cxd4 16. Ne2 Be6 17. Nc1 Rb6 18. b3 Nc6 19. Bh3 Bxh3 20. Qxh3 Nb4 21. Qc8+ Ke7 22. Qc7+ Ke6 23. f4 Qa3 24. Rd2 Rc6 25. Qb7 Rfc8 26. c4 dxc3 27. f5+ gxf5 28. exf5+ Kf6 29. Rf2 c2+ 30. Ka1 Nxa2 0-1

[Event "Schwarzach op 26th"]
[Site "Schwarzach"]
[Date "2011.08.24"]
[Round "5"]
[White "Wustefeld, Carl"]
[Black "Schnegg, Daniel"]
[Result "1-0"]
[WhiteElo "2280"]
[BlackElo "2139"]
[PlyCount "37"]
[EventDate "2011.08.20"]
[EventType "swiss"]
[EventRounds "9"]
[EventCountry "AUT"]
[SourceTitle "CBM 144 Extra"]
[Source "ChessBase"]
[SourceDate "2011.10.28"]
[SourceVersion "1"]
[SourceVersionDate "2011.10.28"]
[SourceQuality "1"]

1. d4 Nf6 2. Nc3 d5 3. Bg5 Bf5 4. Bxf6 gxf6 5. e3 e6 6. Bd3 Bg6 7. Nf3 c5 8. dxc5 Bxc5 9. e4 Qb6 10. 0-0 Qxb2 11. Na4 Qb4 12. Rb1 Qa3 13. Rb3 Qxa2 14. Nxc5 b6 15. Na4 dxe4 16. Nc3 Qa5 17. Bxe4 Bxe4 18. Nxe4 Nd7 19. Qd4 1-0

[Event "Schwarzach op 26th"]
[Site "Schwarzach"]
[Date "2011.08.23"]
[Round "4"]
[White "Schnegg, Daniel"]
[Black "Wersching, Alfred"]
[Result "1-0"]
[WhiteElo "2139"]
[BlackElo "2049"]
[PlyCount "93"]
[EventDate "2011.08.20"]
[EventType "swiss"]
[EventRounds "9"]
[EventCountry "AUT"]
[SourceTitle "CBM 144 Extra"]
[Source "ChessBase"]
[SourceDate "2011.10.28"]
[SourceVersion "1"]
[SourceVersionDate "2011.10.28"]
[SourceQuality "1"]

1. e4 d5 2. exd5 Qxd5 3. Nc3 Qa5 4. d4 Nf6 5. Bc4 c6 6. Nf3 Bg4 7. Bd2 Qc7 8. Qe2 e6 9. 0-0-0 Nbd7 10. h3 Bxf3 11. Qxf3 Nb6 12. Bb3 0-0-0 13. Bg5 Be7 14. Kb1 Rd7 15. Rd3 Nbd5 16. Nxd5 Nxd5 17. Bd2 Nf6 18. c4 e5 19. dxe5 Rxd3 20. Qxd3 Nd7 21. f4 f6 22. Re1 fxe5 23. fxe5 g6 24. Qd4 Nc5 25. Bc2 Rd8 26. Qg4+ Qd7 27. Qxd7+ Rxd7 28. Be3 b6 29. Rf1 Bh4 30. Rf8+ Kc7 31. Rh8 Ne6 32. Bxg6 Bg5 33. Bxg5 hxg6 34. Bf6 Rd2 35. Rh7+ Kc8 36. g4 a5 37. h4 Rg2 38. g5 a4 39. h5 Nd4 40. Kc1 gxh5 41. Rh8+ Kb7 42. Rxh5 Rc2+ 43. Kd1 Rxb2 44. g6 Ne6 45. Rh7+ Ka6 46. Re7 Nf4 47. g7 1-0

[Event "Tirol-ch"]
[Site "Jenbach"]
[Date "2011.07.04"]
[Round "3"]
[White "Schnegg, Daniel"]
[Black "Fuchs, Georg"]
[Result "0-1"]
[WhiteElo "2139"]
[BlackElo "2274"]
[PlyCount "66"]
[EventDate "2011.07.02"]
[EventType "swiss"]
[EventRounds "7"]
[EventCountry "AUT"]
[SourceTitle "EXT 2024"]
[Source "ChessBase"]
[SourceDate "2023.10.10"]
[SourceVersion "1"]
[SourceVersionDate "2023.10.10"]
[SourceQuality "1"]

1. e4 e5 2. Nf3 Nf6 3. Nxe5 d6 4. Nf3 Nxe4 5. Nc3 Nf6 6. d4 d5 7. Bb5+ c6 8. Bd3 Bg4 9. 0-0 Be7 10. h3 Bh5 11. Be2 Ne4 12. Nxe4 dxe4 13. Nd2 Bg6 14. c3 Nd7 15. Bh5 Bxh5 16. Qxh5 g6 17. Qd1 f5 18. f3 e3 19. Nc4 f4 20. d5 cxd5 21. Qxd5 Nc5 22. Qe5 0-0 23. g4 Rc8 24. Kg2 Rc6 25. Nxe3 Re6 26. Qd4 fxe3 27. Bxe3 Qxd4 28. Bxd4 Nd3 29. b4 Re2+ 30. Kg1 Bd6 31. Rad1 Nf4 32. Rf2 Nxh3+ 33. Kf1 Nxf2 0-1

[Event "AUT-ch U18"]
[Site "Velden"]
[Date "2010.04.01"]
[Round "7"]
[White "Schnegg, Daniel"]
[Black "Hofmann, Thomas"]
[Result "1-0"]
[WhiteElo "2152"]
[BlackElo "2047"]
[PlyCount "101"]
[EventDate "2010.03.28"]
[EventType "swiss"]
[EventRounds "7"]
[EventCountry "AUT"]
[SourceTitle "CBM 135 Extra"]
[Source "ChessBase"]
[SourceDate "2010.05.04"]
[SourceVersion "1"]
[SourceVersionDate "2010.05.04"]
[SourceQuality "1"]

1. d4 Nf6 2. c4 c5 3. d5 g6 4. Nc3 Bg7 5. e4 d6 6. Nf3 0-0 7. Bd3 e6 8. dxe6 fxe6 9. Be3 Nc6 10. 0-0 e5 11. Qd2 Nd4 12. Ne1 Nh5 13. Nd5 Be6 14. Nc2 Bxd5 15. exd5 Nf4 16. Be4 Qh4 17. Kh1 Nh5 18. Bd3 Nf4 19. Be4 Nh5 20. Qd3 Nf4 21. Qd1 Nh3 22. f3 Ng5 23. Bd3 Nf5 24. Bf2 Qf4 25. Be2 Nd4 26. Bg3 Qf6 27. Bd3 Qe7 28. Qd2 Nf7 29. Rae1 Qg5 30. f4 exf4 31. Bxf4 Qd8 32. Nxd4 Bxd4 33. Re6 Bg7 34. Kg1 Ne5 35. Bg5 Rxf1+ 36. Bxf1 Qb6 37. Be7 Nf7 38. b3 Re8 39. Qf4 Be5 40. Qg4 Kg7 41. Bf6+ Bxf6 42. Rxe8 Qa5 43. Qc8 Qd2 44. Rg8+ Kh6 45. Qh3+ Kg5 46. Qxh7 Bd4+ 47. Kh1 Ne5 48. Qe7+ Kg4 49. Rh8 g5 50. Qe6+ Kf4 51. Rf8+ 1-0

[Event "AUT-chT2W 0910"]
[Site "Austria"]
[Date "2010.01.31"]
[Round "8.5"]
[White "Gauss, Gustav"]
[Black "Schnegg, Daniel"]
[Result "1-0"]
[WhiteElo "2153"]
[BlackElo "2092"]
[PlyCount "45"]
[EventDate "2009.10.23"]
[EventType "team-tourn"]
[EventRounds "11"]
[EventCountry "AUT"]
[SourceTitle "EXT 2011"]
[Source "ChessBase"]
[SourceDate "2010.11.26"]
[SourceVersion "1"]
[SourceVersionDate "2010.11.26"]
[SourceQuality "1"]
[WhiteTeam "Goetzis"]
[BlackTeam "Jenbach II"]
[WhiteTeamCountry "AUT"]
[BlackTeamCountry "AUT"]

1. d4 Nf6 2. Nc3 d5 3. Bg5 Bf5 4. e3 Nbd7 5. Bd3 Bxd3 6. Qxd3 h6 7. Bxf6 Nxf6 8. Qb5+ Nd7 9. Qxd5 c6 10. Qb3 Qc7 11. Nf3 e6 12. Ne4 Be7 13. c4 0-0 14. 0-0 Rfd8 15. Rfd1 b6 16. Rd2 Rab8 17. Rad1 b5 18. Rc2 Qb7 19. Rdc1 b4 20. c5 a5 21. Nd6 Qc7 22. Ne5 Bxd6 23. cxd6 1-0

[Event "AUT-chT2W 0910"]
[Site "Austria"]
[Date "2010.01.30"]
[Round "7.4"]
[White "Schnegg, Daniel"]
[Black "Grafl, Florian"]
[Result "0-1"]
[WhiteElo "2092"]
[BlackElo "2426"]
[PlyCount "70"]
[EventDate "2009.10.23"]
[EventType "team-tourn"]
[EventRounds "11"]
[EventCountry "AUT"]
[SourceTitle "EXT 2011"]
[Source "ChessBase"]
[SourceDate "2010.11.26"]
[SourceVersion "1"]
[SourceVersionDate "2010.11.26"]
[SourceQuality "1"]
[WhiteTeam "Jenbach II"]
[BlackTeam "Salzburg Sued"]
[WhiteTeamCountry "AUT"]
[BlackTeamCountry "AUT"]

1. e4 d5 2. exd5 Qxd5 3. Nc3 Qd6 4. d4 Nf6 5. Bc4 a6 6. Nge2 b5 7. Bd3 Bb7 8. f3 Nbd7 9. Ne4 Qb6 10. c3 e5 11. Nxf6+ Qxf6 12. 0-0 exd4 13. Nxd4 Ne5 14. Re1 0-0-0 15. Bf5+ Kb8 16. Be4 Bc5 17. Qe2 Bxe4 18. Qxe4 Nc6 19. Bg5 Bxd4+ 20. cxd4 Qxd4+ 21. Qxd4 Rxd4 22. Rac1 Kb7 23. Re2 Rc8 24. a3 f6 25. Rec2 Na5 26. Be3 Rc4 27. Bd2 Rxc2 28. Rxc2 Nc4 29. Bf4 Nb6 30. Rd2 Re8 31. Kf2 Re7 32. Rd8 Rd7 33. Rh8 h6 34. Rg8 Nc4 35. Bc1 Ne5 0-1

[Event "AUT-chT2W 0910"]
[Site "Austria"]
[Date "2009.10.23"]
[Round "1.6"]
[White "Schnegg, Daniel"]
[Black "Kranewitter, Norbert"]
[Result "1-0"]
[WhiteElo "2092"]
[BlackElo "2076"]
[PlyCount "93"]
[EventDate "2009.10.23"]
[EventType "team-tourn"]
[EventRounds "11"]
[EventCountry "AUT"]
[SourceTitle "CBM 133 Extra"]
[Source "ChessBase"]
[SourceDate "2010.01.05"]
[SourceVersion "1"]
[SourceVersionDate "2010.01.05"]
[SourceQuality "1"]
[WhiteTeam "Jenbach II"]
[BlackTeam "Kufstein"]
[WhiteTeamCountry "AUT"]
[BlackTeamCountry "AUT"]

1. e4 c6 2. d4 d5 3. e5 c5 4. dxc5 e6 5. Nf3 Bxc5 6. Bd3 Ne7 7. 0-0 Qc7 8. a3 Ng6 9. b4 Bb6 10. Bb2 0-0 11. Qd2 Nc6 12. Re1 Bd7 13. h4 d4 14. Qg5 Ncxe5 15. Nxe5 f6 16. Qh5 fxe5 17. Nd2 Bc6 18. f3 e4 19. Nxe4 Rf5 20. Ng5 Nf8 21. Qg4 Rf4 22. Nxe6 Nxe6 23. Qxe6+ Kh8 24. Qe7 Qxe7 25. Rxe7 Bd8 26. Re5 Bxh4 27. Bc1 Rf7 28. Rh5 g5 29. Bxg5 Bxg5 30. Rxg5 Re8 31. Kf2 a6 32. Rh1 Rc7 33. Rh4 Ba4 34. Rc5 Rxc5 35. Rxh7+ Kg8 36. bxc5 Re5 37. Rxb7 Rxc5 38. Rb4 Bxc2 39. Rc4 Rxc4 40. Bxc4+ Kg7 41. Bxa6 Kf6 42. Bb5 Ke5 43. a4 Bb3 44. a5 Bd5 45. Bd3 Kd6 46. a6 Kc7 47. Be4 1-0

[Event "EU-ch U16 19th"]
[Site "Fermo"]
[Date "2009.09.04"]
[Round "5"]
[White "Schnegg, Daniel"]
[Black "Srbis, Jurica"]
[Result "1/2-1/2"]
[WhiteElo "2092"]
[BlackElo "2250"]
[PlyCount "71"]
[EventDate "2009.08.31"]
[EventType "swiss"]
[EventRounds "9"]
[EventCountry "ITA"]
[SourceTitle "CBM 132 Extra"]
[Source "ChessBase"]
[SourceDate "2009.11.03"]
[SourceVersion "1"]
[SourceVersionDate "2009.11.03"]
[SourceQuality "1"]

1. e4 e5 2. Nf3 Nc6 3. Bb5 a6 4. Ba4 Nf6 5. 0-0 Be7 6. Re1 b5 7. Bb3 0-0 8. c3 d5 9. d4 exd4 10. e5 Ne4 11. Nxd4 Nxd4 12. cxd4 Bb4 13. Re2 Bf5 14. f3 Ng5 15. a3 Ba5 16. Nc3 c6 17. Be3 Ne6 18. g4 Bg6 19. f4 Bxc3 20. bxc3 Be4 21. Bc2 Bf3 22. Qf1 Bxg4 23. Rg2 Qh4 24. f5 Ng5 25. Rg3 Nh3+ 26. Kh1 h5 27. Bd1 Ng5 28. Bxg4 Ne4 29. Rg2 hxg4 30. Qf4 g5 31. Rxg4 Qh3 32. Rf1 Kh7 33. Rf3 Qh6 34. Rxg5 Nxg5 35. Rg3 Rg8 36. Qf1 1/2-1/2

[Event "EU-ch U16 19th"]
[Site "Fermo"]
[Date "2009.09.02"]
[Round "3"]
[White "Schnegg, Daniel"]
[Black "Stella, Andrea"]
[Result "1/2-1/2"]
[WhiteElo "2092"]
[BlackElo "2301"]
[PlyCount "33"]
[EventDate "2009.08.31"]
[EventType "swiss"]
[EventRounds "9"]
[EventCountry "ITA"]
[SourceTitle "CBM 132 Extra"]
[Source "ChessBase"]
[SourceDate "2009.11.03"]
[SourceVersion "1"]
[SourceVersionDate "2009.11.03"]
[SourceQuality "1"]

1. e4 e6 2. d4 d5 3. Nc3 Bb4 4. e5 b6 5. Qg4 Bf8 6. Bg5 Qd7 7. f4 Nc6 8. Nf3 Bb7 9. a3 h6 10. Bh4 Nge7 11. Bd3 Nf5 12. Bf2 0-0-0 13. Qh3 h5 14. 0-0-0 Be7 15. g3 Na5 16. Qf1 Kb8 17. Ng5 1/2-1/2

[Event "Schwarzach op-A"]
[Site "Schwarzach"]
[Date "2009.08.23"]
[Round "9"]
[White "Meier, Alexander"]
[Black "Schnegg, Daniel"]
[Result "1-0"]
[WhiteElo "2146"]
[BlackElo "2092"]
[PlyCount "81"]
[EventDate "2009.08.15"]
[EventType "swiss"]
[EventRounds "9"]
[EventCountry "AUT"]
[SourceTitle "CBM 132 Extra"]
[Source "ChessBase"]
[SourceDate "2009.11.03"]
[SourceVersion "1"]
[SourceVersionDate "2009.11.03"]
[SourceQuality "1"]

1. d4 Nf6 2. c4 d6 3. Nf3 g6 4. Nc3 Bg7 5. e4 0-0 6. h3 e5 7. d5 a5 8. g4 Na6 9. Be3 Nc5 10. Nd2 Ne8 11. Rg1 f5 12. gxf5 gxf5 13. Bg5 Qd7 14. Qe2 Kh8 15. f3 Nf6 16. 0-0-0 c6 17. h4 Nh5 18. Bh3 Qf7 19. exf5 cxd5 20. cxd5 Bxf5 21. Bxf5 Qxf5 22. Nce4 Rac8 23. Kb1 Nf4 24. Bxf4 exf4 25. Rg5 Qd7 26. Nxc5 Rxc5 27. Nb3 Rb5 28. Qe6 Qxe6 29. dxe6 Rxg5 30. hxg5 Be5 31. Nxa5 Kg8 32. Nxb7 Rb8 33. Nxd6 Rxb2+ 34. Kc1 Re2 35. Nf5 Bc7 36. Rd7 Bb6 37. Rg7+ Kf8 38. e7+ Ke8 39. Rxh7 Kd7 40. g6 Rg2 41. Rh8 1-0

[Event "Schwarzach op-A"]
[Site "Schwarzach"]
[Date "2009.08.17"]
[Round "3"]
[White "Popa, Claudio"]
[Black "Schnegg, Daniel"]
[Result "1/2-1/2"]
[WhiteElo "2233"]
[BlackElo "2092"]
[PlyCount "58"]
[EventDate "2009.08.15"]
[EventType "swiss"]
[EventRounds "9"]
[EventCountry "AUT"]
[SourceTitle "CBM 132 Extra"]
[Source "ChessBase"]
[SourceDate "2009.11.03"]
[SourceVersion "1"]
[SourceVersionDate "2009.11.03"]
[SourceQuality "1"]

1. e4 c5 2. c3 d5 3. exd5 Qxd5 4. d4 Nf6 5. Nf3 Bg4 6. Be2 e6 7. 0-0 Nc6 8. Be3 cxd4 9. cxd4 Bb4 10. h3 Bh5 11. a3 Ba5 12. Nc3 Qd6 13. Qb3 0-0 14. Rfd1 Rfd8 15. Rac1 Bb6 16. g4 Bg6 17. Na4 Nd5 18. Nxb6 Nxb6 19. Qb5 Nd5 20. Bg5 f6 21. Bd2 Rab8 22. Qc5 Nf4 23. Bxf4 Qxf4 24. d5 exd5 25. Rxd5 Re8 26. Qc4 Qxc4 27. Bxc4 Bf7 28. Rd7 Bxc4 29. Rxc4 Rbd8 1/2-1/2

[Event "AUT-ch"]
[Site "Jenbach"]
[Date "2009.07.26"]
[Round "2"]
[White "Schnegg, Daniel"]
[Black "Singer, Richard"]
[Result "0-1"]
[WhiteElo "2092"]
[BlackElo "2284"]
[PlyCount "36"]
[EventDate "2009.07.25"]
[EventType "swiss"]
[EventRounds "9"]
[EventCountry "AUT"]
[SourceTitle "CBM 131 Extra"]
[Source "ChessBase"]
[SourceDate "2009.09.03"]
[SourceVersion "2"]
[SourceVersionDate "2009.09.16"]
[SourceQuality "1"]

1. e4 g6 2. d4 Bg7 3. Nc3 c6 4. Nf3 d5 5. exd5 cxd5 6. Bb5+ Nc6 7. 0-0 e6 8. Bf4 Bd7 9. Qd2 a6 10. Ba4 b5 11. Bxb5 axb5 12. Nxb5 Kf8 13. Bc7 Bh6 14. Qc3 Qc8 15. Qc5+ Kg7 16. g4 Nf6 17. g5 Ne4 18. gxh6+ Kg8 0-1